Top 50 Artists with the Most Streams Across All Platforms - Statistics

General Stats
  • This quiz has been taken 61 times
  • The average score is 29 of 50
Answer Stats
# Popular Song by the Artist Total Amount of Streams Artist % Correct
9 Lose Yourself 81,425,280,800 Eminem
94%
1 cardigan 170,145,457,308 Taylor Swift
94%
50 Hello 37,440,078,520 Adele
90%
17 Diamonds 60,990,278,169 Rihanna
88%
37 Bad Romance 41,261,991,977 Lady Gaga
86%
32 Halo 44,738,926,736 Beyoncé
84%
7 Bad Habits 83,111,993,147 Ed Sheeran
84%
10 Sorry 80,845,853,011 Justin Bieber
84%
16 HUMBLE. 63,722,483,208 Kendrick Lamar
78%
4 The Hills 115,349,353,771 The Weeknd
78%
21 New Rules 54,105,693,963 Dua Lipa
75%
20 APT. 55,717,992,113 Bruno Mars
73%
19 Fix You 56,741,816,087 Coldplay
73%
3 DÁKITI 115,427,945,794 Bad Bunny
71%
12 BIRDS OF A FEATHER 73,349,384,061 Billie Eilish
71%
2 MÍA 162,001,919,241 Drake
71%
39 Starships 40,703,077,479 Nicki Minaj
71%
13 SICKO MODE 69,679,150,978 Travis Scott
71%
34 Stitches 42,954,011,379 Shawn Mendes
69%
5 we can't be friends (wait for your love) 87,853,184,578 Ariana Grande
67%
29 Titanium 48,080,961,618 David Guetta
67%
47 As It Was 38,919,024,750 Harry Styles
67%
6 Flashing Lights 84,634,154,835 Kanye West
67%
26 Summertime Sadness 48,765,020,233 Lana Del Rey
67%
8 Sunflower 82,571,983,404 Post Malone
67%
49 Don't Stop Me Now 37,907,908,499 Queen
67%
11 Butter 80,393,284,285 BTS
65%
48 In The End 38,147,970,486 Linkin Park
61%
27 Memories 48,341,576,526 Maroon 5
55%
40 Stay With Me 40,429,291,774 Sam Smith
55%
44 Say So 39,248,954,363 Doja Cat
53%
23 Mask Off 52,167,624,420 Future
53%
33 Snooze 43,711,614,907 SZA
49%
22 Bad Liar 53,751,468,047 Imagine Dragons
45%
30 No Role Modelz 46,684,396,434 J. Cole
45%
46 Bank Account 38,981,691,658 21 Savage
41%
18 Look At Me! 58,593,831,432 XXXTENTACION
41%
36 Night Changes 42,608,410,932 One Direction
39%
43 Under The Influence 39,766,954,640 Chris Brown
35%
15 Robbery 65,068,341,994 Juice WRLD
35%
45 PROVENZA 39,123,796,023 KAROL G
33%
31 Creepin 45,160,794,608 Metro Boomin
33%
42 Last Night 40,137,090,664 Morgan Wallen
33%
35 Summer 42,661,737,554 Calvin Harris
31%
24 LA CANCIÓN 52,016,594,826 J Balvin
31%
41 Just Wanna Rock 40,220,021,700 Lil Uzi Vert
31%
25 Talk 49,113,379,322 Khalid
29%
38 Diles 40,860,189,755 Ozuna
16%
14 Tujhe Kitna Chahne Lage 65,081,083,380 Arijit Singh
4%
28 Kesariya 48,323,638,439 Pritam
4%
No matching quizzes found
Score Distribution
Percent of People with Each Score
Percentile by Number Answered
Your Score History
You have not taken this quiz